Guess the Taylor Swift song no hints #30 - Statistics

General Stats
  • This quiz has been taken 72 times
  • The average score is 359 of 448
Answer Stats
Answer % Correct
a
100%
I
100%
(I
100%
the
100%
you
100%
You
100%
(you
100%
your
100%
To
98%
to
98%
You're
98%
there
96%
We
96%
who
96%
And
93%
and
93%
I'm
93%
in
93%
me
93%
no
93%
am
91%
hear
91%
is
91%
it
91%
my
91%
not
91%
see
91%
thin
91%
all
89%
All
89%
do
89%
like
89%
Like
89%
on
89%
what
89%
at
87%
can
87%
So
87%
so
87%
(so
87%
this
87%
were
87%
for
85%
never
85%
(never
85%
Of
85%
but
83%
didn't
83%
(didn't
83%
love
83%
now?
83%
Now
83%
I've
80%
time
78%
even
76%
get
76%
out
76%
out)
76%
think
76%
With
76%
with
76%
ah-ah
74%
always
74%
line
74%
right
74%
standing
74%
up
74%
very
74%
before
72%
door
72%
ending
72%
exile
72%
film
72%
gave
72%
here
72%
his
72%
just
72%
many
72%
seeing
72%
seen
72%
us
72%
you'd
72%
amount
70%
defending
70%
leaving
70%
side
70%
sign
70%
sign)
70%
took
70%
town
70%
walked
70%
anymore
67%
arms
67%
around
67%
around)
67%
body
67%
five
67%
honey
67%
jokes
67%
leave
67%
minutes
67%
signs)
67%
signs
67%
step
67%
crying
65%
funny
65%
he's
65%
Laughin
65%
bloody
63%
Cause
63%
things
63%
warning
63%
whole
63%
homeland
61%
knuckles
61%
mind
61%
mind)
61%
starin
61%
eyes
59%
problem
59%
read
59%
Those
59%
crown
57%
hall
57%
injury
57%
understudy
57%
breaking
54%
chances
54%
insult
54%
offending
54%
pack
54%
add
52%
Balancing
52%
couldn't
52%
learned
52%
Second
52%
third
52%
turn
48%
turned
48%
branches
46%
hundredth
46%
Holdin
37%
No matching quizzes found
Score Distribution
Percent of People with Each Score
Percentile by Number Answered
Your Score History
You have not taken this quiz